Prix du m² dans les grandes villes de France - Statistiques

Statistiques générales
  • Ce quiz a été pris 82 fois
  • Le résultat moyen est 12 sur 20
Statistiques - réponses
Prix Villes % Correct
9 230 € Paris
100%
3 500 € Marseille
97%
4 700 € Lyon
96%
4 400 € Bordeaux
91%
3 400 € Toulouse
91%
3 500 € Lille
88%
5 100 € Nice
88%
3 500 € Nantes
76%
3 700 € Strasbourg
76%
2 200 € Brest
56%
3 300 € Toulon
53%
2 500 € Dijon
47%
3 000 € Grenoble
43%
7 600 € Versailles
41%
2 200 € Nancy
40%
2 800 € Tours
32%
2 400 € Orléans
28%
5 300 € Aix-en-Provence
16%
1 800 € Dunkerque
15%
2 000 € Roubaix
7%
Aucun quiz correspondant
Distribution des résultats
% des personnes avec chaque résultat
Percentile par nombre de réponses
Votre historique - résultats
Vous n’avez pas pris ce quiz